The hidden mathematical logic of stories
Salvato in:
| Autore principale: | |
|---|---|
| Natura: | Libro |
| Lingua: | inglese |
| Pubblicazione: |
Nueva York
Basic Books
1998
|
| Serie: | Mathematics
|
| Soggetti: | |
| Tags: |
Aggiungi Tag
Nessun Tag, puoi essere il primo ad aggiungerne!!
|
MARC
| LEADER | 00000nam a2200000 a 4500 | ||
|---|---|---|---|
| 001 | UCL6952 | ||
| 003 | CL-VaPUC | ||
| 008 | 040423e19980000US |||||||||||||||||eng|d | ||
| 020 | |a 0465051596 | ||
| 082 | 0 | 4 | |a 519.5 |b PAU |2 21 |
| 100 | 0 | |a Paulos, John Allen |e author |9 484613 | |
| 245 | 1 | 4 | |a The hidden mathematical logic of stories |
| 300 | |a 214 p | ||
| 942 | |c BK | ||
| 945 | |d 20040423 00:00:00 |a cmena | ||
| 260 | |a Nueva York |b Basic Books |c 1998 | ||
| 650 | 0 | |a Estadística matemática |9 260028 | |
| 650 | 0 | |a Teoría de probabilidades |9 336944 | |
| 650 | 0 | |a Lógica matemática |9 262442 | |
| 583 | |a last modification |c 20040423 00:00:00 |k Rodrigo Vera | ||
| 490 | 0 | |a Mathematics | |
| 999 | |c 308828 |d 308826 | ||
| 952 | |0 0 |1 0 |4 0 |6 519_500000000000000_PAU_1998 |7 0 |8 A |9 375707 |a BIBGIM |b BIBGIM |d 2019-11-21 |i 4008022 |o 519.5 PAU 1998 |p 4008022 |r 2025-01-15 |w 2019-11-21 |y BK |k EST | ||